Pèlerinage de Saint-Jacques de Compostelle - Mort subite - Statistiques

Statistiques générales
  • Ce quiz a été pris 69 fois
  • Le résultat moyen est 4 sur 21
Answers on the Grid
Answers color-coded by a green-red scale on the quiz's grid according to % correct below.
Paris
Tours
Marseille
Avignon
Bourges
Grenoble
Arles
Mont-de-Marsan
Barcelone
Madrid
Cahors
Burgos
Saint-Sébastien
Le Puy-en-Velay
Meursault
Vézelay
Lourdes
Limoges
Toulouse
Sète
Vigo
Séville
Pampelune
Poitiers
La Rochelle
Bordeaux
Auch
Riom
Châteauroux
Font-Romeu
Luchon
Saint-Jean-Pied-de-Port
Rome
Arcachon
Périgueux
León
Figeac
Foix
Andorre-la-Vieille
Montpellier
 
Statistiques - réponses
Réponse % Correct
Le Puy-en-Velay
53%
Paris
53%
Tours
47%
Bourges
35%
Saint-Jean-Pied-de-Port
35%
Vézelay
35%
Cahors
24%
Figeac
24%
Arles
18%
Pampelune
18%
Bordeaux
12%
Burgos
12%
Châteauroux
12%
Limoges
12%
Périgueux
12%
Toulouse
12%
Auch
6%
León
6%
Mont-de-Marsan
6%
Montpellier
6%
Poitiers
6%
Aucun quiz correspondant
Distribution des résultats
% des personnes avec chaque résultat
Percentile par nombre de réponses
Votre historique - résultats
Vous n’avez pas pris ce quiz